=LDR 00000nam 2200000 4500 =001 INLIS000000000008827 =005 20161003154112.0 =006 =007 =008 Ind =035 ##$$0010-061300000008827 =041 ##$$a Ind =082 ##$$a 658.4 =090 ##$$a 658.4, Per p =100 ##$$a Permadi, k =245 ##$$a Pemimpin dan Kepemimpinan Dalam Manajemen, K.Permadi =260 ##$$a 1996 $b Jakarta =300 ##$$a xii,116 hlm, 18 cm =650 ##$$a Kepemimpinan =850 ##$$a NBPNMAT